000 00311nam a2200133Ia 4500
100 _aKumbhojkar/G.v
942 _cBK
654 _acomputational maths
245 _aComputational Mathematical .Sem iv
260 _bC.Jamnacs & Co.
_aPune
_c2006
082 _a005.31/KUM
_bKUM
546 _aENGLISH
999 _c32988
_d32988